Sports Quiz

Random Sports or Football Quiz
Score 0/130 Timer 15:00
0 Plays Today
Conference % Correct
SECGeorgia
94.2%
SECAlabama
94%
ACCClemson
94%
SECFlorida
93.7%
MACOhio
93.5%
ACCNorth Carolina
93.2%
ACCFlorida St
93.1%
Big TenOhio St
92.9%
Big 12 Texas
92.8%
Big TenMichigan
91.9%
Big 12 Oklahoma
91.9%
ACCMiami (FL)
91.2%
MACMiami (OH)
91.2%
Big TenMichigan St
91.2%
Pac-12Oregon
90.4%
ACCVirginia
90.4%
SECLSU
90.3%
Pac-12USC
90.3%
Big 12 Oklahoma St
89.9%
SECKentucky
89.3%
SECAuburn
89.2%
Big TenIowa
89.2%
Pac-12Washington
89.2%
Big 12 Kansas
89.1%
ACCVirginia Tech
89.1%
SECOle Miss
88.9%
Big TenPenn st
88.7%
Pac-12UCLA
88.6%
ACCNorth Carolina St
88.6%
SECTennessee
88.6%
Big TenWisconsin
88.5%
ACCDuke
88.3%
SECSouth Carolina
88.3%
SECArkansas
88.2%
Pac-12Washington St
88.1%
Big 12 Kansas St
87.7%
Pac-12Oregon St
87.7%
Pac-12Arizona
87.5%
Pac-12Arizona St
87.3%
IndependentNotre Dame
87.2%
SECMississippi St
87.1%
Big TenIllinois
86.9%
SECTexas A&M
86.9%
ACCGeorgia Tech
86.6%
Conference % Correct
Big 12 Texas Tech
86.5%
Big 12 Iowa St
86.1%
Big TenMaryland
85.9%
Big 12 West Virginia
85.9%
Pac-12California
85.7%
Big TenIndiana
85.7%
Big TenRutgers
85.7%
Big TenNebraska
85.5%
ACCLouisville
85.3%
Big 12 Baylor
85.1%
SECMissouri
85.1%
Big 12 TCU
85%
ACCBoston College
84.8%
Big TenMinnesota
84.4%
Pac-12Colorado
84.3%
SECVanderbilt
83.9%
IndependentArmy
83.8%
Big TenNorthwestern
83.8%
ACCSyracuse
83.8%
Pac-12Stanford
83.4%
Big TenPurdue
83.3%
ACCPittsburgh
83.2%
Pac-12Utah
83%
AACNavy
82.9%
AACUCF
82.6%
ACCWake Forest
82.4%
AACUSF
79.5%
Mountain WestBoise St
79%
Mountain WestColorado St
77.8%
Mountain WestAir Force
77.4%
IndependentBYU
76.9%
Mountain WestNew Mexico
76%
AACHouston
74.3%
AACCincinnati
74.2%
AACMemphis
73.8%
IndependentMassachusetts
72.9%
Mountain WestNevada
72.7%
MACWestern Michigan
72.4%
Mountain WestUtah St
72%
Mountain WestSan Diego St
71.9%
AACConnecticut
71.7%
AACTulsa
71.7%
Sun BeltNew Mexico St
71.6%
MACEastern Michigan
71.4%
Conference % Correct
AACTulane
71.1%
Sun BeltGeorgia St
70.1%
MACToledo
69.2%
Mountain WestWyoming
69.2%
Conference-USAFAU
68.8%
MACCentral Michigan
68.7%
MACAkron
68.6%
Sun BeltArkansas St
68.4%
Conference-USAFIU
68.1%
Mountain WestUNLV
67.8%
Conference-USAUTEP
67.7%
Mountain WestHawai'i
67.2%
AACSMU
66.8%
AACTemple
66.3%
MACBuffalo
66.1%
AACEast Carolina
66.1%
Sun BeltLA-Monroe
65.6%
Sun BeltIdaho
65.2%
Sun BeltLA-Lafeyette
65.2%
Mountain WestFresno St
65%
Conference-USAWestern Kentucky
64.6%
MACBowling Green
64.1%
Mountain WestSan Jose St
64%
Sun BeltTexas St
62.9%
Conference-USAMarshall
62.8%
Conference-USAUTSA
62.5%
Conference-USANorth Texas
62.3%
Conference-USAUAB
61.8%
MACKent St
61.8%
Sun BeltAppalachian St
61.5%
MACBall St
61.2%
Sun BeltGeorgia Southern
61.1%
MACNIU
60.8%
Conference-USALouisiana Tech
60.1%
Conference-USARice
60.1%
Conference-USAMiddle Tennessee
60%
Conference-USASouthern Miss
57.4%
Sun BeltTroy
55.2%
Sun BeltSouth Alabama
53.3%
Conference-USACharlotte
52.5%
Conference-USAOld Dominion
51.8%
Sun BeltCoastal Carolina
48.7%
Remove Ads.
Support Sporcle.
Get the best of Sporcle when you Go Orange. This ad-free experience offers more features, more stats, and more fun while also helping to support Sporcle. Thank you for becoming a member.

You're not logged in!

Compare scores with friends on all Sporcle quizzes.
OR
Log In

Sporcle TV

Today on Sporcle TV


Watch our educational content, quiz creation guides, and fun videos on Sporcle TV.

Show Comments

Extras

Top Quizzes Today


Score Distribution

Paid Content

Your Account Isn't Verified!

In order to create a playlist on Sporcle, you need to verify the email address you used during registration. Go to your Sporcle Settings to finish the process.

Report this User

Report this user for behavior that violates our Community Guidelines.

Details: